Build your own small wind power system (Record no. 71420)

000 -LEADER
fixed length control field 00621nam a22001937a 4500
003 - CONTROL NUMBER IDENTIFIER
control field NUST - PNEC
005 - DATE AND TIME OF LATEST TRANSACTION
control field 20170116181200.0
008 - FIXED-LENGTH DATA ELEMENTS--GENERAL INFORMATION
fixed length control field 160209b xxu||||| |||| 00| 0 eng d
020 ## - INTERNATIONAL STANDARD BOOK NUMBER
International Standard Book Number 9780071761574
040 ## - CATALOGING SOURCE
Transcribing agency LIBRARY
082 ## - DEWEY DECIMAL CLASSIFICATION NUMBER
Classification number 621.3121 SHE
100 ## - MAIN ENTRY--PERSONAL NAME
9 (RLIN) 16316
Personal name Shea, Kevin
245 ## - TITLE STATEMENT
Title Build your own small wind power system
Statement of responsibility, etc. Kevin Shea
260 ## - PUBLICATION, DISTRIBUTION, ETC.
Place of publication, distribution, etc. New York
Name of publisher, distributor, etc. McGraw Hall
Date of publication, distribution, etc. c.2012
300 ## - PHYSICAL DESCRIPTION
Extent 472
650 ## - SUBJECT ADDED ENTRY--TOPICAL TERM
9 (RLIN) 16318
Topical term or geographic name entry element Wind power
General subdivision ME
856 ## - ELECTRONIC LOCATION AND ACCESS
Uniform Resource Identifier <a href="http://www.amazon.com/Build-Your-Small-Power-System/dp/0071761578/ref=sr_1_1?ie=UTF8&qid=1455000389&sr=8-1&keywords=9780071761574">http://www.amazon.com/Build-Your-Small-Power-System/dp/0071761578/ref=sr_1_1?ie=UTF8&qid=1455000389&sr=8-1&keywords=9780071761574</a>
942 ## - ADDED ENTRY ELEMENTS (KOHA)
Source of classification or shelving scheme
Koha item type Book
Holdings
Withdrawn status Lost status Source of classification or shelving scheme Damaged status Not for loan Permanent Location Current Location Shelving location Date acquired Source of acquisition Cost, normal purchase price Total Checkouts Full call number Barcode Date last seen Cost, replacement price Price effective from Koha item type
          Pakistan Navy Engineering College (PNEC) Pakistan Navy Engineering College (PNEC)   12/15/2004 Reference Grant / College Books Supplier 2468.40   621.3121 SHE PNECLIB-032426 02/09/2016 2468.40 12/15/2004 Book
© 2023 Central Library, National University of Sciences and Technology. All Rights Reserved.